[Event "SR 5. liga SE-SI 2014/2015"]
[Site "?"]
[Date "2015.02.21"]
[Round "9.2"]
[White "Cambal, Peter"]
[Black "Butas, Adam"]
[Result "1-0"]
[WhiteElo "1067"]
[BlackElo "1000"]
[PlyCount "53"]
[EventDate "2014.??.??"]

1. e4 e5 2. f4 Nc6 3. Nf3 f6 4. fxe5 Nxe5 5. Nxe5 fxe5 6. Qh5+ g6 7. Qxe5+ Qe7
8. Qxh8 Nf6 9. Nc3 d5 10. Be2 Be6 11. O-O O-O-O 12. Qxf6 Qc5+ 13. d4 Qe7 14.
Qxe7 Bxe7 15. e5 h5 16. a4 b6 17. Nb5 Kb8 18. a5 Rf8 19. Rxf8+ Bxf8 20. axb6
cxb6 21. Rxa7 Kc8 22. Bg5 Kb8 23. Be7 Bxe7 24. Rxe7 Bc8 25. c4 Bg4 26. Bxg4
hxg4 27. Rc7 1-0

[Event "SR 5. liga SE-SI 2014/2015"]
[Site "?"]
[Date "2015.02.21"]
[Round "9.2"]
[White "Hyza, Richard"]
[Black "Steiner, Juraj"]
[Result "0-1"]
[WhiteElo "1000"]
[BlackElo "1000"]
[PlyCount "48"]
[EventDate "2014.??.??"]

1. e4 e5 2. Nf3 Nc6 3. Nc3 Nf6 4. Bc4 Bc5 5. d3 Ng4 6. h3 Nxf2 7. Ke2 Nxd1 8.
Kxd1 O-O 9. Rf1 Nd4 10. Nxd4 exd4 11. Nd5 c6 12. Nf4 b5 13. Bb3 a5 14. a3 Bb7
15. Ba2 b4 16. axb4 axb4 17. Bd2 Ra7 18. c3 bxc3 19. bxc3 Qa8 20. Ke2 Rxa2 21.
Rxa2 Qxa2 22. cxd4 Bxd4 23. Rc1 Be5 24. Rc4 Bxf4 0-1

[Event "SR 5. liga SE-SI 2014/2015"]
[Site "?"]
[Date "2015.02.21"]
[Round "9.2"]
[White "Svrcek, Daniel"]
[Black "Daniel, Jakub"]
[Result "1-0"]
[WhiteElo "1000"]
[BlackElo "1000"]
[PlyCount "93"]
[EventDate "2014.??.??"]

1. e4 e5 2. Nf3 Nc6 3. Bc4 Bc5 4. Nc3 Nf6 5. d3 h6 6. O-O O-O 7. Qe2 d6 8. Be3
Bb6 9. Bxb6 axb6 10. Nb5 Nd4 11. Nbxd4 exd4 12. Nxd4 Be6 13. Bxe6 fxe6 14. Nxe6
Qe7 15. Nxf8 Rxf8 16. Qd2 Nd7 17. Rfe1 Qf7 18. b3 Nf6 19. Re2 Ng4 20. c4 Qh5
21. h3 Rxf2 22. Rxf2 Nxf2 23. Qxf2 Qe5 24. Rf1 c5 25. Qf5 Qd4+ 26. Qf2 Qxd3 27.
Qf8+ Kh7 28. Rf7 Qd4+ 29. Rf2 Qxe4 30. Qf5+ Qxf5 31. Rxf5 g6 32. Rf7+ Kg8 33.
Rxb7 g5 34. Rxb6 Kg7 35. Rxd6 h5 36. Kh2 g4 37. hxg4 hxg4 38. Kg3 Kf7 39. Kxg4
Ke7 40. Rh6 Kf7 41. Kf5 Kg7 42. Ra6 Kf7 43. Ra7+ Ke8 44. Ke6 Kd8 45. Kd6 Ke8
46. Rb7 Kd8 47. Rb8# 1-0

[Event "SR 5. liga SE-SI 2014/2015"]
[Site "?"]
[Date "2015.02.21"]
[Round "9.2"]
[White "Volek, Vladimir"]
[Black "Horak, Viliam"]
[Result "1-0"]
[WhiteElo "1000"]
[BlackElo "1000"]
[PlyCount "45"]
[EventDate "2014.??.??"]

1. e4 e5 2. Nf3 Nc6 3. Bc4 Bc5 4. d3 Nf6 5. Bg5 d6 6. h3 Be6 7. Bxe6 fxe6 8.
O-O Qd7 9. Nc3 Nd4 10. Nxd4 Bxd4 11. Ne2 Bxb2 12. Rb1 Qb5 13. Nc3 Qb4 14. Ne2
O-O-O 15. Be3 Qa3 16. d4 Nxe4 17. f3 Nc3 18. Nxc3 Bxc3 19. f4 Rhf8 20. Qf3 c6
21. Qg4 exd4 22. Qxg7 dxe3 23. Qxb7# 1-0

[Event "SR 5. liga SE-SI 2014/2015"]
[Site "?"]
[Date "2015.02.21"]
[Round "9.3"]
[White "Musaev, Urmat"]
[Black "Kanka, Tomas"]
[Result "1-0"]
[WhiteElo "1000"]
[BlackElo "1723"]
[PlyCount "45"]
[EventDate "2014.??.??"]

1. e4 e5 2. Nf3 Nf6 3. Bc4 Nc6 4. O-O Be7 5. Re1 O-O 6. d4 exd4 7. Nxd4 d5 8.
exd5 Nxd4 9. Qxd4 c6 10. Nc3 b5 11. Bd3 b4 12. Qh4 bxc3 13. Bg5 h6 14. Bxh6 Ne4
15. Qxe4 f5 16. Qxe7 Qxe7 17. Rxe7 gxh6 18. bxc3 cxd5 19. Rb1 a5 20. Rb6 Rf7
21. Rxf7 Kxf7 22. Rxh6 Rb8 23. h4 1-0

[Event "SR 5. liga SE-SI 2014/2015"]
[Site "?"]
[Date "2015.02.21"]
[Round "9.3"]
[White "Kastler, Peter"]
[Black "Musaev, Matej Elbek"]
[Result "0-1"]
[WhiteElo "1757"]
[BlackElo "1070"]
[PlyCount "120"]
[EventDate "2014.??.??"]

1. d4 d5 2. c4 e6 3. Nc3 Bb4 4. e3 Nf6 5. Nf3 Nc6 6. Bd3 dxc4 7. Bxc4 Ne4 8.
Qc2 Nf6 9. O-O h5 10. Rd1 a6 11. d5 exd5 12. Nxd5 Nxd5 13. Bxd5 Qf6 14. Bd2
Bxd2 15. Bxc6+ bxc6 16. Rxd2 Bf5 17. Qc5 Rh6 18. Rc1 Be4 19. Qe5+ Qxe5 20. Nxe5
Rc8 21. f3 Bd5 22. b3 Rd6 23. Rdc2 Re6 24. Nxc6 Bxc6 25. Rxc6 Rxe3 26. Kf2 Re7
27. Rxa6 h4 28. Rac6 Kd7 29. a4 Ke8 30. b4 Kf8 31. a5 Kg8 32. b5 Rd8 33. Rxc7
Rd2+ 34. Kf1 Ree2 35. Re7 Rxe7 36. a6 Ra2 37. Rb1 Re8 38. h3 Rb8 39. Ke1 Ra5
40. Rb4 Rbxb5 41. Rxh4 Rb2 42. Rd4 Rxa6 43. Rd2 Rxd2 44. Kxd2 Ra2+ 45. Ke3 Rxg2
46. Kf4 g5+ 47. Ke4 Rg3 48. Kf5 Rxf3+ 49. Kg4 Rf1 50. Kxg5 Kh7 51. h4 Rg1+ 52.
Kh5 Rh1 53. Kg5 f6+ 54. Kh5 f5 55. Kg5 f4 56. Kg4 f3 57. Kh5 f2 58. Kg5 f1=R
59. Kg4 Rfg1+ 60. Kh5 Kh8 0-1

[Event "SR 5. liga SE-SI 2014/2015"]
[Site "?"]
[Date "2015.02.21"]
[Round "9.3"]
[White "Svarc, Vaclav"]
[Black "Papanek, Lubomir"]
[Result "0-1"]
[WhiteElo "1094"]
[BlackElo "1616"]
[PlyCount "142"]
[EventDate "2014.??.??"]

1. e4 e5 2. f3 d5 3. Nc3 Nf6 4. Bb5+ c6 5. Ba4 Bb4 6. d4 dxe4 7. Nge2 O-O 8.
Bg5 exd4 9. Qxd4 Qxd4 10. Nxd4 Nbd7 11. O-O Bxc3 12. bxc3 h6 13. Bf4 Nc5 14.
Bb3 Re8 15. Bd6 Nxb3 16. cxb3 exf3 17. Rxf3 Bg4 18. Rf4 Rad8 19. Bc7 Rd7 20.
Ba5 Rde7 21. Nc2 Bh5 22. c4 Bg6 23. Rc1 Bxc2 24. Rxc2 Re2 25. Rxe2 Rxe2 26. Rd4
Rxa2 27. Bb4 Re2 28. Bc3 Kh7 29. Rf4 Re6 30. h4 Kg8 31. g4 Re4 32. Bd2 Rxf4 33.
Bxf4 Nxg4 34. Kg2 Nf6 35. Kf3 Kf8 36. Be5 Nd7 37. Bd6+ Ke8 38. Bf4 Ke7 39. Be3
b6 40. Bd4 g6 41. Bg7 h5 42. Kf4 f6 43. Ke4 Nc5+ 44. Kd4 Nxb3+ 45. Kc3 Nc5 46.
Kb4 a5+ 47. Ka3 Ne6 48. Bh6 g5 49. hxg5 fxg5 50. Kb3 g4 51. Be3 c5 52. Bf2 Kd6
53. Bg3+ Kc6 54. Ka2 Nd4 55. Ka1 Nf5 56. Be1 g3 57. Bxg3 Nxg3 58. Kb2 h4 59.
Ka1 h3 60. Kb2 h2 61. Ka1 h1=Q+ 62. Kb2 Qg2+ 63. Ka1 Qf1+ 64. Kb2 Qe2+ 65. Ka1
Qxc4 66. Kb2 Ne4 67. Ka1 Qc3+ 68. Ka2 Qc2+ 69. Ka3 Qc1+ 70. Ka4 b5+ 71. Kxa5
Qa3# 0-1

[Event "SR 5. liga SE-SI 2014/2015"]
[Site "?"]
[Date "2015.02.21"]
[Round "9.4"]
[White "Simek, Adam"]
[Black "Ocko, Martin"]
[Result "0-1"]
[WhiteElo "1060"]
[BlackElo "1857"]
[PlyCount "36"]
[EventDate "2014.??.??"]

1. e4 c5 2. Bc4 e6 3. Nf3 Nc6 4. d3 g6 5. Nc3 a6 6. d4 cxd4 7. Nxd4 Bg7 8. Nxc6
bxc6 9. Na4 d5 10. exd5 cxd5 11. Bd3 Nf6 12. Bg5 Qa5+ 13. c3 Bd7 14. Bc2 O-O
15. O-O Bc6 16. b3 d4 17. cxd4 Qxg5 18. h4 Qxg2# 0-1

[Event "SR 5. liga SE-SI 2014/2015"]
[Site "?"]
[Date "2015.02.21"]
[Round "9.4"]
[White "Ulehla, Jakub"]
[Black "Nesnadny, Tomas"]
[Result "1-0"]
[WhiteElo "1479"]
[BlackElo "1000"]
[PlyCount "43"]
[EventDate "2014.??.??"]

1. e4 e5 2. Nf3 Nc6 3. Bb5 Bc5 4. O-O Nf6 5. c3 Nxe4 6. d4 Be7 7. Re1 Nf6 8.
Nxe5 O-O 9. Ba4 d6 10. Nf3 Bd7 11. Bc2 Be6 12. Qd3 Qd7 13. Bg5 Bf5 14. Qxf5
Qxf5 15. Bxf5 b6 16. Bxf6 Bxf6 17. Be4 Na5 18. Bxa8 Rxa8 19. Nbd2 c5 20. Re2 g6
21. Rae1 Bg7 22. Re8+ 1-0

[Event "SR 5. liga SE-SI 2014/2015"]
[Site "?"]
[Date "2015.02.21"]
[Round "9.4"]
[White "Jankovic, Vit"]
[Black "Trojkova, Michaela"]
[Result "0-1"]
[WhiteElo "1000"]
[BlackElo "1461"]
[PlyCount "48"]
[EventDate "2014.??.??"]

1. e4 c5 2. Nf3 Nc6 3. Bc4 g6 4. Nc3 Bg7 5. O-O Nf6 6. d3 O-O 7. Bg5 d6 8. h3
Bd7 9. Re1 Qb6 10. b3 Ng4 11. Qd2 Qb4 12. Nd5 Qxd2 13. Nxd2 Bxa1 14. Rxa1 Nge5
15. Bb5 f6 16. Bf4 Rfe8 17. Nc7 a6 18. Nxa8 Rxa8 19. Bc4+ Nxc4 20. Nxc4 Nd4 21.
Kf1 Nxc2 22. Rc1 Nb4 23. a3 Nxd3 24. Rd1 Nxf4 0-1

[Event "SR 5. liga SE-SI 2014/2015"]
[Site "?"]
[Date "2015.02.21"]
[Round "9.4"]
[White "Oslej, Marek"]
[Black "Jankovic, Erik"]
[Result "1-0"]
[WhiteElo "1000"]
[BlackElo "1000"]
[PlyCount "81"]
[EventDate "2014.??.??"]

1. e4 e5 2. Nf3 Nf6 3. Nxe5 Nxe4 4. Bc4 Nc6 5. Nxf7 Qh4 6. O-O Rg8 7. Re1 d6 8.
d3 Bg4 9. Rxe4+ Ne5 10. f3 c6 11. fxg4 Be7 12. Nxd6+ Bxd6 13. Bxg8 Ke7 14. Bb3
Rf8 15. h3 Qf2+ 16. Kh2 Kd7 17. Qg1 Qh4 18. Qe3 Rf2 19. Rf4 Rxf4 20. Qxf4 Ng6
21. Qxd6+ Kxd6 22. Be3 Qe1 23. Bd2 Qe2 24. Bg8 Nf4 25. Bxf4+ Kc5 26. Nc3 Qxc2
27. Rc1 Qxb2 28. Na4+ Kb4 29. Nxb2 Ka3 30. Nc4+ Kb4 31. Bd6+ Kb5 32. Na3+ Ka5
33. Bc7+ Ka4 34. Rb1 Kxa3 35. Kg3 b5 36. Bd6+ Ka4 37. Kf2 a5 38. Ke2 b4 39. Kd2
Ka3 40. Kc2 a4 41. Bxb4# 1-0

[Event "SR 5. liga SE-SI 2014/2015"]
[Site "?"]
[Date "2015.02.21"]
[Round "9.5"]
[White "Mysicka, Miroslav"]
[Black "Sobek, Michal"]
[Result "1/2-1/2"]
[WhiteElo "1801"]
[BlackElo "1684"]
[PlyCount "108"]
[EventDate "2014.??.??"]

1. c4 e5 2. Nc3 Nf6 3. e4 Nc6 4. Nf3 d6 5. d3 Be7 6. Be2 O-O 7. O-O h6 8. h3
Re8 9. a3 a5 10. Be3 Bf8 11. Qc2 Bd7 12. Rfc1 a4 13. Nd5 Nxd5 14. cxd5 Na5 15.
Nd2 c5 16. b4 axb3 17. Qb2 Be7 18. Nxb3 Nxb3 19. Qxb3 b5 20. f4 exf4 21. Bxf4
Bf6 22. Ra2 Bg5 23. Rf1 Bxf4 24. Rxf4 Qg5 25. Rf3 Ra4 26. Qb2 Qh4 27. Kh2 Rea8
28. Rg3 Rd4 29. Bg4 Be8 30. Bd1 Qf4 31. Bf3 Qe5 32. Qd2 Kh8 33. Be2 Rda4 34.
Qe1 b4 35. Bf1 Rxa3 36. Rf2 b3 37. Rf5 b2 38. Qd1 Ra1 39. Qg4 Qxg3+ 40. Qxg3
b1=Q 41. Qxd6 Qb8 42. Qxb8 Rxb8 43. d6 Rd8 44. Be2 Rxd6 45. Rxc5 Kg8 46. Rc8
Kf8 47. e5 Rd5 48. d4 Rxd4 49. Bb5 g6 50. Bxe8 Kg7 51. Rc7 Ra6 52. Bxf7 Kf8 53.
e6 Re4 54. Bxg6 Rexe6 1/2-1/2

[Event "SR 5. liga SE-SI 2014/2015"]
[Site "?"]
[Date "2015.02.21"]
[Round "9.5"]
[White "Klimes, Karel"]
[Black "Drozd, Jan"]
[Result "1-0"]
[WhiteElo "1688"]
[BlackElo "1509"]
[PlyCount "49"]
[EventDate "2014.??.??"]

1. e4 c5 2. Nf3 d6 3. c3 Nf6 4. Qc2 g6 5. Be2 Bg7 6. d3 O-O 7. Bg5 Qc7 8. Nbd2
Nc6 9. O-O Bd7 10. Nc4 b5 11. Ne3 e6 12. d4 cxd4 13. cxd4 Qb6 14. e5 dxe5 15.
dxe5 Nd5 16. Ng4 f5 17. exf6 Nxf6 18. Nxf6+ Bxf6 19. Bxf6 Rxf6 20. Qd3 Nb8 21.
Qc3 Rf7 22. Ne5 Rg7 23. Bf3 b4 24. Qc4 Bb5 25. Qc8+ 1-0

[Event "SR 5. liga SE-SI 2014/2015"]
[Site "?"]
[Date "2015.02.21"]
[Round "9.5"]
[White "Lauko, Tomas"]
[Black "Filipek, Norbert"]
[Result "1-0"]
[WhiteElo "1476"]
[BlackElo "1414"]
[PlyCount "55"]
[EventDate "2014.??.??"]

1. e4 c5 2. Nf3 e6 3. c4 d6 4. b3 Be7 5. Bb2 Nd7 6. Bxg7 Bf6 7. Bxh8 Bxh8 8.
Nc3 Qa5 9. Qc2 b6 10. Be2 Bb7 11. O-O Ngf6 12. Rab1 Ke7 13. d4 Rg8 14. e5 dxe5
15. dxe5 Ne8 16. Qxh7 Rf8 17. Qh4+ f6 18. Nd1 Bxf3 19. Bxf3 Nxe5 20. Bh5 Ng7
21. Rb2 Nxh5 22. Qxh5 Qa6 23. Rd2 Qb7 24. Ne3 Rg8 25. f4 Nf7 26. Rfd1 Rd8 27.
Rxd8 Nxd8 28. Rxd8 1-0

[Event "SR 5. liga SE-SI 2014/2015"]
[Site "?"]
[Date "2015.02.21"]
[Round "9.5"]
[White "Sobekova, Adela"]
[Black "Lauko, Lukas"]
[Result "0-1"]
[WhiteElo "1000"]
[BlackElo "1000"]
[PlyCount "62"]
[EventDate "2014.??.??"]

1. e4 e5 2. Nf3 d6 3. Bc4 Nc6 4. Nc3 Nf6 5. Ng5 d5 6. exd5 Nxd5 7. Nxf7 Kxf7 8.
Qf3+ Ke8 9. Bxd5 Qf6 10. Nb5 Kd8 11. d3 Qxf3 12. Bxf3 Nd4 13. Bg5+ Be7 14.
Bxe7+ Kxe7 15. Nxc7 Rb8 16. O-O-O Kd6 17. Rhe1 Kxc7 18. Rxe5 Nxf3 19. gxf3 Bd7
20. Rde1 Rhe8 21. Rxe8 Bxe8 22. Re7+ Bd7 23. Rxg7 Rf8 24. Rxh7 Rxf3 25. Rh4
Rxf2 26. Rh7 Kd6 27. h4 Bf5 28. Rh8 Ke5 29. h5 Kf4 30. Rb8 Ke3 31. h6 Rf1# 0-1

[Event "SR 5. liga SE-SI 2014/2015"]
[Site "?"]
[Date "2015.02.21"]
[Round "9.5"]
[White "Gabris, Lubos"]
[Black "Fajtakova, Silvia"]
[Result "0-1"]
[WhiteElo "1000"]
[BlackElo "1188"]
[PlyCount "64"]
[EventDate "2014.??.??"]

1. d3 e5 2. Nf3 Nc6 3. Bg5 Nf6 4. Bxf6 Qxf6 5. c4 Bb4+ 6. Nfd2 O-O 7. f3 d6 8.
a3 Ba5 9. b4 Bb6 10. b5 Nd4 11. e3 Nf5 12. Ne4 Qh6 13. Nbc3 Qxe3+ 14. Qe2 Qxe2+
15. Bxe2 Nd4 16. Bd1 Ba5 17. Rc1 Bb6 18. Nd5 Ba5+ 19. Kf1 f5 20. Ng3 c6 21.
Ne7+ Kh8 22. Nxc8 Raxc8 23. Rb1 cxb5 24. cxb5 e4 25. fxe4 fxe4+ 26. Kg1 Bb6 27.
h4 Nf3+ 28. Kf1 Nd2+ 29. Ke2 Nxb1 30. Bb3 Rf2+ 31. Kd1 Rd2+ 32. Ke1 Rc1+ 0-1

[Event "SR 5. liga SE-SI 2014/2015"]
[Site "?"]
[Date "2015.02.21"]
[Round "9.6"]
[White "Danihel, Jozef"]
[Black "Benak, Peter"]
[Result "1-0"]
[WhiteElo "1574"]
[BlackElo "1615"]
[PlyCount "74"]
[EventDate "2014.??.??"]

1. d4 Nf6 2. Nf3 d5 3. c4 e6 4. a3 Be7 5. Nc3 O-O 6. Qc2 b6 7. cxd5 Nxd5 8. e3
c5 9. Bd3 h6 10. O-O Nxc3 11. bxc3 Bb7 12. Be4 Bxe4 13. Qxe4 Qd5 14. Qc2 Nd7
15. Bb2 Rfc8 16. Rfd1 c4 17. e4 Qb7 18. e5 b5 19. Bc1 Nb6 20. Qe2 Nd5 21. Qe4
Bf8 22. g4 g6 23. h4 Rab8 24. Bd2 a5 25. h5 g5 26. Kg2 Nf4+ 27. Qxf4 gxf4 28.
Bxf4 b4 29. axb4 axb4 30. cxb4 Qxb4 31. g5 hxg5 32. Bxg5 Ra8 33. Rab1 Qa3 34.
h6 Kh7 35. Bc1 Qa2 36. Rb7 Kg6 37. Nh4+ Kh7 1-0

[Event "SR 5. liga SE-SI 2014/2015"]
[Site "?"]
[Date "2015.02.21"]
[Round "9.6"]
[White "Sladek, Michal"]
[Black "Baumgartner, Milan"]
[Result "0-1"]
[WhiteElo "1257"]
[BlackElo "1585"]
[PlyCount "102"]
[EventDate "2014.??.??"]

1. e4 e5 2. Nf3 Nc6 3. Bc4 Bc5 4. d3 h6 5. Nc3 Nf6 6. h3 O-O 7. Qe2 d6 8. Be3
Bb4 9. Qd2 Be6 10. a3 Ba5 11. b4 Bb6 12. Bxb6 axb6 13. Bxe6 fxe6 14. O-O Nh5
15. Qd1 Nf4 16. Ne2 Nxh3+ 17. gxh3 Rxf3 18. Ng3 Qf6 19. Kg2 Rf8 20. Qd2 Nd4 21.
Rae1 Qh4 22. Re3 R3f6 23. c3 Nf3 24. Qe2 Qf4 25. Kh1 h5 26. Kg2 h4 27. Rxf3
Qxf3+ 28. Qxf3 Rxf3 29. Nf5 Rxd3 30. Nxh4 Rxc3 31. a4 Rf4 32. Ng6 Rxe4 33. Rb1
Re2 34. h4 Rcc2 35. Rf1 Ra2 36. Kg3 e4 37. Kg2 e3 38. Nf4 Rxf2+ 39. Rxf2 Rxf2+
40. Kg3 Rxf4 41. Kxf4 e2 42. a5 e1=Q 43. Kg4 Qxb4+ 44. Kg5 bxa5 45. h5 a4 46.
h6 gxh6+ 47. Kxh6 a3 48. Kg6 a2 49. Kf6 a1=Q+ 50. Ke7 Qg7+ 51. Kxe6 Qe4# 0-1

[Event "SR 5. liga SE-SI 2014/2015"]
[Site "?"]
[Date "2015.02.21"]
[Round "9.6"]
[White "Davidik, Miroslav"]
[Black "Sefcik, Oliver"]
[Result "1-0"]
[WhiteElo "1421"]
[BlackElo "1000"]
[PlyCount "124"]
[EventDate "2014.??.??"]

1. e4 e5 2. f4 exf4 3. Nf3 Nf6 4. e5 Nd5 5. Bc4 Nb6 6. Bb3 d6 7. d4 Be7 8. Bxf4
O-O 9. O-O Be6 10. d5 Bg4 11. h3 Bh5 12. a4 a5 13. c4 N8d7 14. exd6 Bxd6 15.
Bxd6 cxd6 16. Qd4 Re8 17. Nbd2 Nf6 18. Bc2 Nc8 19. Kh1 Bg6 20. Bxg6 fxg6 21.
Ng5 h6 22. Ne6 Qd7 23. Nxg7 Qxg7 24. Qxf6 Nb6 25. Qxd6 Nd7 26. Rf2 Rad8 27.
Raf1 Ne5 28. Qb6 Nd3 29. Rf6 Ne5 30. b3 Nd7 31. Qd4 Nxf6 32. Qxf6 Qxf6 33. Rxf6
Kg7 34. Rb6 Re7 35. Nf3 h5 36. Nh4 g5 37. Nf5+ Kf7 38. Nxe7 Kxe7 39. Rxb7+ Kf6
40. g3 Re8 41. Rb6+ Kf5 42. Kg2 g4 43. hxg4+ Kxg4 44. Kf2 h4 45. gxh4 Kxh4 46.
c5 Kg4 47. Re6 Rf8+ 48. Ke2 Rb8 49. Rb6 Re8+ 50. Kd3 Kf5 51. Rh6 Re5 52. Rh5+
Kf6 53. Rxe5 Kxe5 54. Kc4 Kf6 55. Kb5 Ke7 56. Kxa5 Kd7 57. Kb6 Kd8 58. Kb7 Kd7
59. Kb6 Kd8 60. Kb7 Kd7 61. c6+ Kd6 62. c7 Kxd5 1-0

[Event "SR 5. liga SE-SI 2014/2015"]
[Site "?"]
[Date "2015.02.21"]
[Round "9.6"]
[White "Daniel, Dusan"]
[Black "Spanik, Ondrej"]
[Result "0-1"]
[WhiteElo "1000"]
[BlackElo "1228"]
[PlyCount "78"]
[EventDate "2014.??.??"]

1. e4 e5 2. Nf3 Nc6 3. Bc4 h6 4. a3 Nf6 5. Nc3 d6 6. h3 a6 7. d3 Be7 8. Be3 Be6
9. Bb3 Bxb3 10. cxb3 d5 11. exd5 Nxd5 12. Qd2 Bf6 13. Rc1 Nxc3 14. bxc3 Qd6 15.
b4 O-O-O 16. Rd1 Rhe8 17. O-O e4 18. dxe4 Qxd2 19. Nxd2 Bxc3 20. Rfe1 Bxd2 21.
Bxd2 Rd3 22. a4 Red8 23. Re2 Nxb4 24. Kf1 Nc2 25. e5 c5 26. Rc1 Rxd2 27. Rxc2
Rxc2 28. Rxc2 Rd5 29. Re2 Rd1+ 30. Re1 Rxe1+ 31. Kxe1 b5 32. axb5 axb5 33. Kd2
b4 34. Kd3 b3 35. Kc3 c4 36. f4 Kd7 37. f5 Kc6 38. e6 fxe6 39. fxe6 Kd6 0-1

[Event "SR 5. liga SE-SI 2014/2015"]
[Site "?"]
[Date "2015.03.07"]
[Round "10.1"]
[White "Celustkova, Lubica"]
[Black "Antalek, Rudolf"]
[Result "1/2-1/2"]
[WhiteElo "1614"]
[BlackElo "1532"]
[PlyCount "134"]
[EventDate "2014.??.??"]

1. e4 e5 2. Nf3 Nc6 3. Bb5 a6 4. Ba4 Nf6 5. O-O Be7 6. Re1 b5 7. Bb3 d6 8. h3
O-O 9. c3 Nb8 10. d4 Nbd7 11. Nbd2 Bb7 12. Bc2 Re8 13. Nf1 Bf8 14. Ng3 g6 15.
Bd2 c5 16. d5 c4 17. Nh2 Nc5 18. Qf3 Bg7 19. h4 h5 20. Bg5 a5 21. Qe3 Qc7 22.
f4 b4 23. fxe5 Rxe5 24. Qf3 Nxd5 25. exd5 Bxd5 26. Qf1 bxc3 27. bxc3 Rxg5 28.
hxg5 Bxc3 29. Rad1 Bxe1 30. Qxe1 Qc6 31. Qd2 Be4 32. Bxe4 Nxe4 33. Nxe4 Qxe4
34. Qxd6 Qe3+ 35. Kf1 Qxg5 36. Nf3 Qb5 37. Qd5 Qxd5 38. Rxd5 Rc8 39. Ke1 f6 40.
Rxa5 Kf7 41. Ra6 g5 42. g3 c3 43. Kd1 c2+ 44. Kc1 Rc3 45. Nd4 Rxg3 46. a4 h4
47. Ra8 h3 48. Rh8 Ra3 49. Nxc2 Rxa4 50. Rxh3 Kg6 51. Kd1 g4 52. Rg3 Kg5 53.
Ne3 f5 54. Ke2 Kf4 55. Nxf5 Ra2+ 56. Kf1 Kxf5 57. Kg1 Kf4 58. Rb3 Re2 59. Rb8
Re5 60. Kg2 Re2+ 61. Kf1 Ra2 62. Rf8+ Ke3 63. Re8+ Kf3 64. Rf8+ Kg3 65. Rd8
Ra1+ 66. Ke2 Ra2+ 67. Kf1 Ra1+ 1/2-1/2

[Event "SR 5. liga SE-SI 2014/2015"]
[Site "?"]
[Date "2015.03.07"]
[Round "10.1"]
[White "Bartos, Bohumil"]
[Black "Wallner, Juraj"]
[Result "1/2-1/2"]
[WhiteElo "1502"]
[BlackElo "1606"]
[PlyCount "34"]
[EventDate "2014.??.??"]

1. e4 c5 2. Nf3 e6 3. d4 d5 4. exd5 exd5 5. Bb5+ Bd7 6. Bxd7+ Qxd7 7. O-O Be7
8. Re1 cxd4 9. Qxd4 Nf6 10. Ne5 Qd8 11. Nc3 O-O 12. Bg5 Nc6 13. Nxc6 bxc6 14.
Rad1 Re8 15. Qa4 Qc7 16. Bf4 Bd6 17. Bxd6 Qxd6 1/2-1/2

[Event "SR 5. liga SE-SI 2014/2015"]
[Site "?"]
[Date "2015.03.07"]
[Round "10.1"]
[White "Tomasovic, Roman"]
[Black "Baumgartner, Milan"]
[Result "1-0"]
[WhiteElo "1363"]
[BlackElo "1585"]
[PlyCount "35"]
[EventDate "2014.??.??"]

1. d4 d5 2. c4 dxc4 3. e3 b5 4. a4 c6 5. axb5 cxb5 6. Qf3 Bb7 7. Qxb7 Nd7 8.
Qxb5 e6 9. Nc3 Ngf6 10. Nf3 Be7 11. Bxc4 O-O 12. O-O Nb6 13. Bd3 Qc7 14. Bd2
Rfd8 15. Rfc1 Qb7 16. Na4 Rd5 17. Qb3 Nfd7 18. Be4 1-0

[Event "SR 5. liga SE-SI 2014/2015"]
[Site "?"]
[Date "2015.03.07"]
[Round "10.1"]
[White "Davidik, Miroslav"]
[Black "Vozarova, Adriana"]
[Result "0-1"]
[WhiteElo "1421"]
[BlackElo "1444"]
[PlyCount "64"]
[EventDate "2014.??.??"]

1. e4 e5 2. f4 d6 3. Nf3 Bg4 4. Bc4 Nd7 5. d3 Ngf6 6. Nc3 Be7 7. a3 c6 8. O-O
O-O 9. b4 Re8 10. h3 Be6 11. Bxe6 fxe6 12. fxe5 dxe5 13. Bb2 Nh5 14. Ne2 Bd6
15. c4 Nf4 16. Qd2 Rf8 17. c5 Bc7 18. Nxf4 exf4 19. e5 b6 20. Nd4 Qe8 21. Nxc6
Nxc5 22. bxc5 Qxc6 23. cxb6 Qxb6+ 24. Kh1 Rf7 25. Bc3 Qc5 26. d4 Qc6 27. Rf3
Rd8 28. Qf2 Bb6 29. Rd1 Qa4 30. Bb4 Qxd1+ 31. Kh2 Bxd4 32. Qa2 Qg1# 0-1

[Event "SR 5. liga SE-SI 2014/2015"]
[Site "?"]
[Date "2015.03.07"]
[Round "10.1"]
[White "Tomasovic, Pavol"]
[Black "Spacek, Jan"]
[Result "1-0"]
[WhiteElo "1284"]
[BlackElo "1119"]
[PlyCount "81"]
[EventDate "2014.??.??"]

1. e4 e5 2. Nf3 Nc6 3. Bb5 Nf6 4. O-O Nxe4 5. d4 Nxd4 6. Nxd4 exd4 7. Re1 f5 8.
Qxd4 Qe7 9. Nc3 c5 10. Qd5 a6 11. Nxe4 Kd8 12. Bg5 fxe4 13. Bxe7+ Bxe7 14. Bc4
Rf8 15. Qxe4 Bf6 16. c3 Ra7 17. Rad1 b5 18. Bd5 a5 19. Bc6 b4 20. Bxd7 Rxd7 21.
Rxd7+ Kxd7 22. Rd1+ Kc7 23. Qf4+ Kb7 24. cxb4 axb4 25. Qc4 Kb8 26. Qxc5 Re8 27.
Qb5+ Bb7 28. Qxe8+ Ka7 29. Qa4+ Kb8 30. Qxb4 Be5 31. Rd7 Bc7 32. Qf8+ Bc8 33.
Qb4+ Bb7 34. Rxg7 Kc8 35. Rg8+ Bd8 36. Qe7 Kb8 37. Rxd8+ Ka7 38. Rd7 Ka6 39.
Rxb7 h6 40. Qb4 h5 41. Qb6# 1-0

[Event "SR 5. liga SE-SI 2014/2015"]
[Site "?"]
[Date "2015.03.07"]
[Round "10.2"]
[White "Benak, Peter"]
[Black "Filipek, Norbert"]
[Result "1/2-1/2"]
[WhiteElo "1615"]
[BlackElo "1414"]
[PlyCount "48"]
[EventDate "2014.??.??"]

1. e4 c5 2. f4 e6 3. Nf3 b6 4. Nc3 Bb7 5. d3 Be7 6. Bd2 Qc7 7. Qe2 a6 8. O-O-O
b5 9. e5 Qa5 10. Kb1 b4 11. Ne4 Bd5 12. b3 Qb6 13. c4 bxc3 14. Bxc3 a5 15. Qb2
a4 16. Nfd2 axb3 17. Nxb3 c4 18. Nc1 Qxb2+ 19. Bxb2 cxd3 20. Bxd3 Ba3 21. Rhe1
Bxb2 22. Kxb2 Bxe4 23. Rxe4 Ne7 24. Bb5 Nbc6 1/2-1/2

[Event "SR 5. liga SE-SI 2014/2015"]
[Site "?"]
[Date "2015.03.07"]
[Round "10.2"]
[White "Sobekova, Adela"]
[Black "Sladek, Michal"]
[Result "0-1"]
[WhiteElo "1000"]
[BlackElo "1257"]
[PlyCount "116"]
[EventDate "2014.??.??"]

1. e4 e5 2. Nf3 Nc6 3. Bc4 Bc5 4. c3 h6 5. d4 exd4 6. cxd4 Bb6 7. O-O d6 8. Qb3
Qe7 9. Qc3 Bg4 10. d5 Ne5 11. Nxe5 dxe5 12. Bb5+ Bd7 13. Bxd7+ Kxd7 14. Bd2 Nf6
15. Qh3+ Ke8 16. Nc3 Ba5 17. Rac1 Rd8 18. Rfd1 Bxc3 19. Bxc3 Nxe4 20. Qf5 Nxc3
21. Rxc3 c6 22. Re1 Rxd5 23. f4 f6 24. Rce3 Qc5 25. fxe5 Rxe5 26. Qd3 Kf7 27.
Kf1 Rhe8 28. Rxe5 Rxe5 29. Qd7+ Re7 30. Rxe7+ Qxe7 31. Qh3 Qe6 32. Qh5+ Kf8 33.
Qc5+ Kg8 34. Qxa7 Qf5+ 35. Ke2 Qe5+ 36. Kf1 Qxb2 37. Qa8+ Kh7 38. Qa5 Qb5+ 39.
Qxb5 cxb5 40. Ke2 Kg8 41. Kd3 Kf7 42. Kd4 b6 43. Kd5 g5 44. Kc6 b4 45. Kxb6 f5
46. Kc5 Ke6 47. Kxb4 Kd6 48. a4 Kc6 49. Ka5 g4 50. Ka6 f4 51. Ka7 f3 52. gxf3
gxf3 53. a5 Kc7 54. h4 f2 55. h5 f1=Q 56. a6 Qf2+ 57. Ka8 Qf8+ 58. Ka7 Qb8# 0-1

[Event "SR 5. liga SE-SI 2014/2015"]
[Site "?"]
[Date "2015.03.07"]
[Round "10.2"]
[White "Sefcik, Oliver"]
[Black "Kratochvilova, Lenka"]
[Result "1-0"]
[WhiteElo "1000"]
[BlackElo "1153"]
[PlyCount "57"]
[EventDate "2014.??.??"]

1. e4 e5 2. Nf3 Nc6 3. Bc4 Nf6 4. d3 Bc5 5. Nc3 d6 6. Bg5 h6 7. Bh4 g5 8. Bg3
Bg4 9. h3 Bh5 10. O-O g4 11. hxg4 Nxg4 12. Nd5 Qd7 13. Qe2 Na5 14. b4 Nxc4 15.
dxc4 Bd4 16. Rad1 Qa4 17. Nxd4 exd4 18. Rxd4 Qxa2 19. f3 Ne5 20. Rdd1 Nxc4 21.
b5 O-O-O 22. Ra1 Qb2 23. Qxc4 Rd7 24. b6 a6 25. Nxc7 Kd8 26. Nd5 Re7 27. Nxe7
Kxe7 28. Qc7+ Ke6 29. Qxd6# 1-0

[Event "SR 5. liga SE-SI 2014/2015"]
[Site "?"]
[Date "2015.03.07"]
[Round "10.2"]
[White "Fajtakova, Silvia"]
[Black "Daniel, Dusan"]
[Result "1-0"]
[WhiteElo "1188"]
[BlackElo "1000"]
[PlyCount "81"]
[EventDate "2014.??.??"]

1. e4 e5 2. Nf3 Nc6 3. Bb5 Nf6 4. d3 Bc5 5. O-O O-O 6. Bxc6 bxc6 7. Nxe5 Re8 8.
Nf3 Ba6 9. Nc3 h6 10. Bf4 d5 11. Re1 Ng4 12. d4 Bb4 13. Nd2 Nf6 14. Qf3 dxe4
15. Ndxe4 Nxe4 16. Rxe4 Bxc3 17. bxc3 Qf6 18. Be5 Qg6 19. Qg4 Bc8 20. Qxg6 fxg6
21. Rf4 Bf5 22. g4 Bxc2 23. Bxc7 Re7 24. Bd6 Re4 25. Rxe4 Bxe4 26. Re1 Bd5 27.
a3 a5 28. Kf1 Ra6 29. Re7 Rb6 30. Be5 Rb1+ 31. Ke2 Bf7 32. Rd7 Bc4+ 33. Kd2 Bb3
34. Rxg7+ Kf8 35. Rxg6 Rb2+ 36. Kd3 Bc2+ 37. Ke3 Bxg6 38. Bd6+ Kf7 39. f4 Rxh2
40. f5 Bh7 41. Bxh2 1-0